[Event "Satty Zhuldyz Blitz"]
[Site "chess24.com"]
[Date "2023.04.25"]
[Round "21"]
[White "Erigaisi Arjun"]
[Black "Levon Aronian"]
[Result "0-1"]
[EventDate "?"]
[WhiteElo "2737"]
[BlackElo "2815"]
[PlyCount "122"]

1. Nf3 d5 2. g3 c5 3. Bg2 Nc6 4. d4 Nf6 5. O-O e6 6. c4 dxc4 7. Qa4 Bd7 8. Qxc4 b5 9. Qd3 c4 10. Qd1 Rc8 11. Bg5 Be7 12. Nbd2 h6 13. Bxf6 Bxf6 14. e3 O-O 15. a4 a6 16. axb5 axb5 17. Ne4 Be7 18. Qd2 Qb6 19. Nc5 Bxc5 20. dxc5 Qc7 21. Rfd1 Rfd8 22. Qd6 Qxd6 23. Rxd6 Be8 24. Nd2 Rxd6 25. cxd6 Ne5 26. Ne4 Rd8 27. Rd1 Nd3 28. b3 f5 29. Nc3 Ne5 30. bxc4 Nxc4 31. d7 Rxd7 32. Rb1 Rd8 33. h4 Nd6 34. Bf1 Rb8 35. Rb4 Kf8 36. f3 Ke7 37. e4 fxe4 38. fxe4 Rc8 39. Nd1 Rc5 40. Kf2 Bc6 41. Bd3 Kd7 42. Ke3 e5 43. Kd2 Kc7 44. Nc3 Bd7 45. Nd5+ Kd8 46. Rb1 Be6 47. Nc3 Bc4 48. Bxc4 Nxc4+ 49. Kd3 Nd6 50. Ra1 b4 51. Nd5 b3 52. Ra8+ Rc8 53. Ra6 Nc4 54. Ra7 Nb2+ 55. Ke2 Rc2+ 56. Kf3 Nc4 57. Rb7 b2 58. Kg4 Rc1 59. Rb8+ Kd7 60. Rb7+ Kc6 61. Rc7+ Kd6 0-1

[Event "Satty Zhuldyz Blitz"]
[Site "chess24.com"]
[Date "2023.04.25"]
[Round "22"]
[White "Kateryna Lagno"]
[Black "Erigaisi Arjun"]
[Result "1/2-1/2"]
[EventDate "?"]
[WhiteElo "2508"]
[BlackElo "2737"]
[PlyCount "136"]

1. e4 d6 2. d4 g6 3. Nf3 Bg7 4. Bd3 Nc6 5. c3 e5 6. dxe5 Nxe5 7. Nxe5 dxe5 8. Bb5+ c6 9. Qxd8+ Kxd8 10. Bc4 Ke7 11. a4 Nf6 12. f3 Be6 13. Na3 Rhd8 14. Be3 b6 15. Ke2 Ne8 16. Bxe6 Kxe6 17. a5 b5 18. c4 b4 19. Nc2 Bf8 20. b3 c5 21. a6 Rac8 22. Ra5 Rc6 23. Rha1 Nc7 24. Ne1 Rc8 25. Nd3 Ne8 26. Rb5 Nc7 27. Nxc5+ Kf6 28. Nd7+ Ke7 29. Nxe5 Re6 30. Rba5 Bg7 31. Nd3 Bxa1 32. Rxa1 Rxa6 33. Rxa6 Nxa6 34. Bxa7 Kd6 35. Ke3 Ra8 36. Bd4 Nc7 37. Be5+ Kd7 38. Bb2 Ra2 39. Kd2 Na6 40. Kc2 Ra5 41. Bd4 Ra2+ 42. Bb2 Ra5 43. Bd4 Rh5 44. h3 Kd6 45. Bf2 Ra5 46. Kb2 Kc6 47. Be1 h5 48. h4 f5 49. Nxb4+ Nxb4 50. Bxb4 Re5 51. Bc3 Re8 52. e5 Kd7 53. b4 Ke6 54. Kb3 f4 55. b5 Rg8 56. b6 Kd7 57. c5 Kc6 58. Kc4 g5 59. hxg5 Rxg5 60. e6 Rxg2 61. e7 Re2 62. Bf6 Re1 63. Bh4 Re3 64. Kd4 Re2 65. Bf6 Re6 66. Bg5 Re2 67. Bf6 Re6 68. Bg5 Re2 1/2-1/2

[Event "Satty Zhuldyz Blitz"]
[Site "chess24.com"]
[Date "2023.04.24"]
[Round "8"]
[White "Vincent Keymer"]
[Black "Erigaisi Arjun"]
[Result "1/2-1/2"]
[EventDate "?"]
[WhiteElo "2651"]
[BlackElo "2737"]
[PlyCount "250"]

1. Nf3 d5 2. e3 c5 3. b3 a6 4. Bb2 Nc6 5. g3 Nf6 6. Bg2 h6 7. O-O Bf5 8. d4 e6 9. c4 cxd4 10. Nxd4 Be4 11. Nxc6 bxc6 12. Bxe4 Nxe4 13. Nd2 Nf6 14. Qe2 Be7 15. e4 O-O 16. Rad1 Qa5 17. exd5 cxd5 18. cxd5 Nxd5 19. Nc4 Qxa2 20. Rd3 Bf6 21. Ra1 Qxa1+ 22. Bxa1 Bxa1 23. Ne3 Nxe3 24. Qxe3 a5 25. Qe4 Rad8 26. Qc4 Rc8 27. Qe4 Bf6 28. h4 Rfd8 29. Rxd8+ Rxd8 30. Qc4 Bd4 31. Qc7 Rd5 32. Kg2 g6 33. g4 Kg7 34. Qc4 Bf6 35. Qe2 Bxh4 36. Qe4 Bf6 37. Qf3 Rd4 38. Qg3 Rb4 39. Qf3 Rb5 40. Qd3 Rg5 41. Kf3 h5 42. gxh5 Rxh5 43. Qc4 Rh3+ 44. Ke2 Rh4 45. Qb5 Rh5 46. Qc4 Rd5 47. Kf3 Bd4 48. Ke2 Be5 49. Kf3 Bf6 50. Ke2 Re5+ 51. Kf1 g5 52. Kg2 Rf5 53. Qd3 Rf4 54. Qd2 Rg4+ 55. Kf1 Rb4 56. Qa2 Rb5 57. Qa4 Rd5 58. Qc4 Bd4 59. Ke2 Kg6 60. f3 Bf6 61. Ke3 Rf5 62. Ke2 Kg7 63. Qa4 Bc3 64. Qc4 Be5 65. Qa4 Bf4 66. Qd4+ Re5+ 67. Kf1 Kg6 68. Qd3+ Rf5 69. Ke2 Kg7 70. Qd4+ Be5 71. Qa4 Bf6 72. Qc4 Re5+ 73. Kf2 Rd5 74. Ke2 Rd4 75. Qb5 Rb4 76. Qxa5 Rxb3 77. Qa4 Rc3 78. Kf2 Rd3 79. Qc4 Rd4 80. Qc1 g4 81. Qg1 Ra4 82. Ke2 Ra2+ 83. Kd3 Ra3+ 84. Kc2 Ra2+ 85. Kd3 Ra3+ 86. Kc2 Ra4 87. fxg4 Rd4 88. Qg3 Rd5 89. Qf4 Bg5 90. Qe4 Kf6 91. Qf3+ Ke7 92. Qe4 Kd6 93. Qb4+ Ke5 94. Qc4 f6 95. Qe2+ Kd6 96. Qa6+ Ke5 97. Qe2+ Kd6 98. Qa6+ Ke7 99. Qb7+ Rd7 100. Qb4+ Kf7 101. Qe4 Rd2+ 102. Kc3 Rd5 103. Qh7+ Kf8 104. Qh8+ Ke7 105. Qb8 e5 106. Qb7+ Rd7 107. Qc6 Rd4 108. Qc7+ Rd7 109. Qc6 Bf4 110. Kc2 Rd2+ 111. Kb3 Rd4 112. Qc7+ Ke6 113. Qc8+ Kf7 114. Qc7+ Kg6 115. Qc8 Kg7 116. Qc7+ Kg6 117. Qc8 Rd3+ 118. Kc2 Rd2+ 119. Kc3 Kf7 120. Qc7+ Ke6 121. Qc8+ Ke7 122. Qc5+ Rd6 123. Qc7+ Ke6 124. Qc8+ Ke7 125. Qc7+ 1/2-1/2

[Event "Satty Zhuldyz Blitz"]
[Site "chess24.com"]
[Date "2023.04.24"]
[Round "9"]
[White "Erigaisi Arjun"]
[Black "Vladimir Kramnik"]
[Result "1-0"]
[EventDate "?"]
[WhiteElo "2737"]
[BlackElo "2712"]
[PlyCount "92"]

1. d4 d5 2. c4 e6 3. Nc3 Nf6 4. cxd5 exd5 5. Bg5 c6 6. e3 h6 7. Bh4 Be7 8. Bd3 O-O 9. Qc2 Re8 10. Nge2 Nbd7 11. f3 b5 12. O-O Bb7 13. Rad1 a6 14. Kh1 c5 15. dxc5 Nxc5 16. Bf5 Qb6 17. Nd4 b4 18. Nce2 a5 19. Rfe1 a4 20. Qb1 Rad8 21. Bf2 Bf8 22. b3 axb3 23. axb3 g6 24. Bc2 Bg7 25. Nf4 Nfd7 26. h4 h5 27. Nh3 Ne6 28. Nxe6 Qxe6 29. Nf4 Qe5 30. Bg3 Nf6 31. Kh2 Qe7 32. Bd3 Rc8 33. Qa2 Rc3 34. Ne2 Ra8 35. Qb1 Rc5 36. Nd4 Nd7 37. Kh1 Bf6 38. Kg1 Bxh4 39. Bxh4 Qxh4 40. Bxg6 Ne5 41. Bxf7+ Kh8 42. Qf5 Nxf7 43. Qxf7 Rg8 44. Qxb7 Ra5 45. Re2 Qg3 46. Qb6 1-0

[Event "Satty Zhuldyz Blitz"]
[Site "chess24.com"]
[Date "2023.04.24"]
[Round "10"]
[White "Levon Aronian"]
[Black "Erigaisi Arjun"]
[Result "1/2-1/2"]
[EventDate "?"]
[WhiteElo "2815"]
[BlackElo "2737"]
[PlyCount "84"]

1. e4 e6 2. d4 d5 3. e5 c5 4. c3 Nc6 5. Nf3 Bd7 6. Be2 f6 7. O-O fxe5 8. Nxe5 Nxe5 9. dxe5 Qc7 10. c4 Qxe5 11. Re1 O-O-O 12. Bf3 Qf5 13. cxd5 exd5 14. Qxd5 Qxd5 15. Bxd5 Nf6 16. Bf3 Bg4 17. Bxg4+ Nxg4 18. Bg5 Rd5 19. Bf4 Bd6 20. Nc3 Rd4 21. Bxd6 Rxd6 22. Rac1 Rc6 23. Re7 Rc7 24. Rxc7+ Kxc7 25. Ne4 b6 26. b4 Re8 27. f3 Nf6 28. Nxf6 gxf6 29. bxc5 b5 30. Kf2 Kc6 31. g4 a5 32. h4 b4 33. Rc4 Re5 34. f4 Rxc5 35. Rxc5+ Kxc5 36. Ke3 a4 37. Kd3 Kd5 38. g5 fxg5 39. fxg5 Ke5 40. h5 Kf5 41. g6 hxg6 42. hxg6 Ke5 1/2-1/2

[Event "Satty Zhuldyz Blitz"]
[Site "chess24.com"]
[Date "2023.04.24"]
[Round "11"]
[White "Erigaisi Arjun"]
[Black "Kateryna Lagno"]
[Result "1-0"]
[EventDate "?"]
[WhiteElo "2737"]
[BlackElo "2508"]
[PlyCount "112"]

1. c4 e6 2. Nc3 d5 3. d4 Nf6 4. cxd5 exd5 5. Bg5 Be7 6. e3 O-O 7. Bd3 Re8 8. Nge2 c6 9. Qc2 g6 10. Nf4 a5 11. h4 Ng4 12. Bxe7 Qxe7 13. h5 g5 14. Bxh7+ Kh8 15. Nfe2 Na6 16. a3 Nh6 17. Bd3 b5 18. Ng3 Qf6 19. Nce2 Bd7 20. e4 dxe4 21. Nxe4 Qg7 22. O-O-O b4 23. Qd2 bxa3 24. bxa3 Qf8 25. Qc3 Qg7 26. f3 Nc7 27. d5 Nxd5 28. Qxg7+ Kxg7 29. Nxg5 f5 30. Nd4 Kf6 31. Nh3 Rg8 32. Rd2 c5 33. Ne2 c4 34. Bxc4 Rac8 35. Rxd5 Rxc4+ 36. Kd2 Be6 37. Rd6 Ke5 38. Rd3 Rxg2 39. Re3+ Kf6 40. Rxe6+ Kxe6 41. Kd3 Rxe2 42. Kxc4 Kf6 43. Kb5 Re5+ 44. Ka4 Re3 45. f4 Ng4 46. Ng5 Nh6 47. Rc1 Ng4 48. Rc6+ Ke7 49. h6 Nf6 50. h7 Nxh7 51. Rc7+ Kd6 52. Rxh7 Kc5 53. Rc7+ Kd4 54. Rf7 Kc3 55. Rxf5 Kb2 56. Kxa5 1-0

[Event "Satty Zhuldyz Blitz"]
[Site "chess24.com"]
[Date "2023.04.24"]
[Round "1"]
[White "Erigaisi Arjun"]
[Black "Haik M Martirosyan"]
[Result "0-1"]
[EventDate "?"]
[WhiteElo "2737"]
[BlackElo "2770"]
[PlyCount "178"]

1. d4 Nf6 2. c4 e6 3. Nc3 Bb4 4. f3 d5 5. a3 Bxc3+ 6. bxc3 c6 7. e4 dxe4 8. fxe4 e5 9. Nf3 Bg4 10. Qd3 exd4 11. cxd4 c5 12. d5 O-O 13. Be2 Re8 14. e5 Bxf3 15. Qxf3 Rxe5 16. Bb2 Re8 17. O-O Nbd7 18. Bd3 Qe7 19. Qf5 Qe3+ 20. Kh1 Ne5 21. Bc2 Neg4 22. h3 Qh6 23. Bc1 Ne3 24. Qf3 Re5 25. Rb1 b6 26. d6 Rf8 27. Rb3 Nfg4 28. d7 Qe6 29. hxg4 Nxc2 30. Bb2 Nd4 31. Bxd4 cxd4 32. Qf4 Re1 33. Rxe1 Qxe1+ 34. Kh2 Rd8 35. Qxd4 Qh4+ 36. Rh3 Qe7 37. Rd3 h6 38. a4 Qh4+ 39. Rh3 Qe7 40. Rd3 Kf8 41. a5 Qc5 42. axb6 axb6 43. Qxc5+ bxc5 44. Rd5 Ke7 45. Rxc5 Rxd7 46. g5 hxg5 47. Rxg5 Kf6 48. Ra5 Rd3 49. Ra6+ Kg5 50. Ra7 Kg6 51. c5 Rc3 52. Rc7 f5 53. c6 f4 54. Rc8 Kg5 55. c7 Kg4 56. Ra8 Rxc7 57. Ra4 Rc2 58. Ra7 g6 59. Ra6 g5 60. Ra4 Kh4 61. Rb4 Re2 62. Ra4 Kh5 63. Kg1 Rb2 64. Rc4 Kg4 65. Rc3 Rb1+ 66. Kf2 Rb2+ 67. Kg1 Re2 68. Ra3 Re3 69. Ra5 Kh4 70. Kf2 Rb3 71. Ra8 Rb2+ 72. Kg1 g4 73. Ra3 Rb1+ 74. Kf2 g3+ 75. Kf3 Rf1+ 76. Ke4 Kg4 77. Ra8 Re1+ 78. Kd3 Rg1 79. Rg8+ Kf5 80. Rf8+ Ke5 81. Re8+ Kd5 82. Rd8+ Ke6 83. Re8+ Kf7 84. Re4 Rf1 85. Re2 Kf6 86. Ra2 Kf5 87. Ra8 f3 88. Rf8+ Ke5 89. Re8+ Kd6 0-1

[Event "Satty Zhuldyz Blitz"]
[Site "chess24.com"]
[Date "2023.04.24"]
[Round "2"]
[White "Javokhir Sindarov"]
[Black "Erigaisi Arjun"]
[Result "0-1"]
[EventDate "?"]
[WhiteElo "2591"]
[BlackElo "2737"]
[PlyCount "92"]

1. e4 c5 2. Nc3 Nc6 3. Nf3 e6 4. h3 a6 5. d4 cxd4 6. Nxd4 Qc7 7. Nxc6 bxc6 8. Bd3 d5 9. O-O Nf6 10. Re1 Be7 11. Qf3 O-O 12. Bf4 e5 13. Bg5 d4 14. Na4 h6 15. Bxf6 Bxf6 16. b3 Bg5 17. Bc4 g6 18. Nc5 Kg7 19. Nd3 Qe7 20. Qg3 Bf6 21. c3 Rd8 22. cxd4 Rxd4 23. Rac1 a5 24. a4 Rb8 25. Kh1 h5 26. Rc2 h4 27. Qe3 Qd6 28. Qe2 Bg5 29. Rf1 Qf6 30. Rc3 Rb7 31. Nc5 Rd2 32. Qe1 Re7 33. Rd3 Rb2 34. Rf3 Qd6 35. Qxa5 Rd2 36. Nd3 f5 37. exf5 Bxf5 38. Qc3 Qf6 39. Re3 Bxe3 40. fxe3 Ra2 41. b4 Re2 42. Nf2 Rc2 43. Qb3 Qg5 44. Bd3 Rd2 45. Qc3 Bxd3 46. Qxd2 Bxf1 0-1

[Event "Satty Zhuldyz Blitz"]
[Site "chess24.com"]
[Date "2023.04.24"]
[Round "3"]
[White "Erigaisi Arjun"]
[Black "Yifan Hou"]
[Result "1-0"]
[EventDate "?"]
[WhiteElo "2737"]
[BlackElo "2601"]
[PlyCount "76"]

1. c4 c5 2. Nc3 Nc6 3. g3 g6 4. Bg2 Bg7 5. d3 d6 6. Qd2 e6 7. b3 Nge7 8. Bb2 b6 9. Nd5 exd5 10. Bxg7 Rg8 11. Bf6 Bb7 12. cxd5 Ne5 13. e4 Qd7 14. f4 Ng4 15. Bh3 h5 16. Nf3 Qb5 17. Bxg4 hxg4 18. Ng5 Ba6 19. Rd1 Qd7 20. O-O O-O-O 21. b4 Rgf8 22. a4 Rde8 23. a5 Bb7 24. axb6 axb6 25. bxc5 dxc5 26. Qa2 Nxd5 27. exd5 Bxd5 28. Qa6+ Bb7 29. Qxb6 Qd5 30. Ne4 Re6 31. Qxc5+ Qxc5+ 32. Nxc5 Rxf6 33. Rb1 Bd5 34. Ne4 Rc6 35. Ra1 Re8 36. Ra8+ Kd7 37. Ra7+ Ke6 38. Re1 Rec8 1-0

[Event "Satty Zhuldyz Blitz"]
[Site "chess24.com"]
[Date "2023.04.24"]
[Round "4"]
[White "Alexander Grischuk"]
[Black "Erigaisi Arjun"]
[Result "1-0"]
[EventDate "?"]
[WhiteElo "2727"]
[BlackElo "2737"]
[PlyCount "70"]

1. e4 c5 2. Nf3 e6 3. b3 b6 4. d4 cxd4 5. Nxd4 Bb7 6. Bd3 Nc6 7. Nxc6 Bxc6 8. Bb2 Nf6 9. Qe2 Bc5 10. Nd2 O-O 11. O-O-O Qe7 12. Kb1 Ba3 13. Ba1 a5 14. g4 a4 15. g5 Ne8 16. Nc4 Bc5 17. f4 f6 18. h4 d6 19. Rh2 axb3 20. cxb3 Qb7 21. Qg4 Qf7 22. h5 f5 23. exf5 exf5 24. Qg3 Qa7 25. Ne3 Be4 26. Bxe4 fxe4 27. Nd5 e3 28. Nxe3 Qe7 29. Nd5 Qe6 30. h6 Qe4+ 31. Qd3 Qxd3+ 32. Rxd3 g6 33. b4 Ra4 34. bxc5 bxc5 35. Re2 1-0

[Event "Satty Zhuldyz Blitz"]
[Site "chess24.com"]
[Date "2023.04.24"]
[Round "5"]
[White "Erigaisi Arjun"]
[Black "Jakhongir Vakhidov"]
[Result "0-1"]
[EventDate "?"]
[WhiteElo "2737"]
[BlackElo "2568"]
[PlyCount "86"]

1. Nf3 g6 2. g3 Bg7 3. d4 Nf6 4. Bg2 O-O 5. O-O d6 6. c4 Nc6 7. Nc3 e5 8. d5 Nb8 9. e4 a5 10. h3 Na6 11. Be3 Bd7 12. Nd2 Nh5 13. a3 Qe8 14. b4 axb4 15. axb4 Nxb4 16. Qb3 c5 17. dxc6 Nxc6 18. Nd5 Rb8 19. c5 Nd4 20. Bxd4 exd4 21. cxd6 Qe6 22. Qb6 Bc6 23. Ne7+ Kh8 24. Nxc6 Qxd6 25. e5 Qe6 26. Rab1 bxc6 27. Qxb8 Rxb8 28. Rxb8+ Bf8 29. Rxf8+ Kg7 30. Rd8 c5 31. Rd5 Qb6 32. Nc4 Qb4 33. Rc1 Kh6 34. Nd6 Kg7 35. Rdxc5 d3 36. Rd5 Qd2 37. Rf1 Qe2 38. Nc4 f5 39. Rd7+ Kh6 40. Ne3 Nxg3 41. Ra1 d2 42. Bf1 Qf3 43. Rxd2 Qh1# 0-1

[Event "Satty Zhuldyz Blitz"]
[Site "chess24.com"]
[Date "2023.04.24"]
[Round "6"]
[White "Bibisara Assaubayeva"]
[Black "Erigaisi Arjun"]
[Result "0-1"]
[EventDate "?"]
[WhiteElo "2440"]
[BlackElo "2737"]
[PlyCount "90"]

1. d4 d5 2. c4 e6 3. Nc3 c6 4. e4 dxe4 5. Nxe4 Bb4+ 6. Nc3 c5 7. Nf3 Nf6 8. Be3 O-O 9. Be2 Nc6 10. dxc5 Qa5 11. O-O Bxc3 12. bxc3 Ne4 13. Qb3 Nxc5 14. Qb5 Ne4 15. Qxa5 Nxa5 16. Bd3 Nf6 17. Ne5 Nd7 18. Nxd7 Bxd7 19. c5 Rfd8 20. Be4 Bc6 21. Bxc6 bxc6 22. Bd4 Nc4 23. f4 Rab8 24. Rfb1 a5 25. Kf2 f6 26. Ke2 e5 27. fxe5 fxe5 28. Be3 Kf7 29. Rb3 a4 30. Rb4 Rxb4 31. cxb4 Ke6 32. Rc1 Na3 33. Rc3 Nb5 34. Rc4 a3 35. Rc1 e4 36. Bf4 Rd3 37. Bd2 Kd5 38. Be1 Nd4+ 39. Kf1 e3 40. Bc3 Nb5 41. Bxg7 Rd2 42. Bh6 e2+ 43. Ke1 Rxa2 44. Bd2 Rb2 45. Bc3 0-1

[Event "Satty Zhuldyz Blitz"]
[Site "chess24.com"]
[Date "2023.04.24"]
[Round "7"]
[White "Erigaisi Arjun"]
[Black "Boris Gelfand"]
[Result "1-0"]
[EventDate "?"]
[WhiteElo "2737"]
[BlackElo "2601"]
[PlyCount "92"]

1. d4 Nf6 2. c4 e6 3. Nc3 d5 4. cxd5 exd5 5. Bg5 c6 6. e3 h6 7. Bh4 Be7 8. Bd3 O-O 9. Qc2 Re8 10. Nge2 a5 11. O-O Nh5 12. Bxe7 Qxe7 13. Rae1 Nd7 14. Nc1 Nf8 15. f3 Be6 16. Qf2 Rad8 17. Bc2 Nf6 18. Kh1 c5 19. dxc5 Qxc5 20. Nb3 Qb6 21. Nd4 Bd7 22. Rd1 Ne6 23. Nf5 Nc7 24. Nd4 Ne6 25. Bb3 Qc5 26. h4 b5 27. g4 b4 28. Nce2 Bb5 29. Nxb5 Qxb5 30. Bc2 Qb6 31. Bb1 g6 32. Rg1 Re7 33. h5 g5 34. Ng3 Ng7 35. Rd3 Rde8 36. Re1 Rc8 37. Qd2 Rec7 38. Rd4 Rc4 39. Rd3 a4 40. Kg2 Qc7 41. Qf2 Qb6 42. Rd2 b3 43. a3 Rc1 44. Rdd1 R1c7 45. Bf5 Qc5 46. Bxc8 1-0

[Event "Satty Zhuldyz Rapid"]
[Site "Astana KAZ"]
[Date "2023.04.22"]
[Round "9.2"]
[White "Arjun Erigaisi"]
[Black "Vladimir Kramnik"]
[Result "1-0"]
[EventDate "2023.04.20"]
[WhiteElo "2701"]
[BlackElo "2753"]
[PlyCount "94"]

1. d4 d5 2. c4 c6 3. Nf3 Nf6 4. cxd5 cxd5 5. Nc3 Nc6 6. Bf4 Bf5 7. Qb3 Na5 8. Qa4+ Bd7 9. Qc2 e6 10. e3 Nh5 11. Be5 f6 12. Bg3 Rc8 13. Bd3 g6 14. a3 Nc4 15. O-O Nxg3 16. hxg3 b5 17. Qe2 Bg7 18. b3 Nd6 19. Nxb5 Bxb5 20. Bxb5+ Ke7 21. Rfc1 Qb6 22. Ba6 Rc6 23. Rxc6 Qxc6 24. Qf1 g5 25. Rc1 Qb6 26. b4 h5 27. Bd3 a5 28. b5 Rc8 29. a4 Kf7 30. Nd2 f5 31. Nb3 Rxc1 32. Qxc1 Bf6 33. Kf1 Bd8 34. Ke2 g4 35. Nc5 Ne8 36. Nd7 Qb7 37. Ne5+ Kg7 38. Qh1 Kh6 39. f3 Nf6 40. Qh4 Qe7 41. f4 Ng8 42. Nf7+ Qxf7 43. Qxd8 Nf6 44. b6 Kg6 45. Qc7 h4 46. gxh4 Qf8 47. b7 1-0

[Event "Satty Zhuldyz Rapid"]
[Site "Astana KAZ"]
[Date "2023.04.22"]
[Round "10.6"]
[White "Levon Aronian"]
[Black "Arjun Erigaisi"]
[Result "1/2-1/2"]
[EventDate "2023.04.20"]
[WhiteElo "2745"]
[BlackElo "2701"]
[PlyCount "48"]

1. e4 e5 2. Nf3 Nc6 3. Bc4 Nf6 4. d3 Bc5 5. O-O d6 6. c3 O-O 7. Re1 Bb6 8. h3 Ne7 9. d4 Ng6 10. Bd3 c6 11. Qc2 Re8 12. Be3 Nh5 13. Nbd2 Bc7 14. Bf1 Ngf4 15. a4 g5 16. b4 Qf6 17. c4 g4 18. hxg4 Bxg4 19. g3 Kh8 20. dxe5 dxe5 21. Nh2 Rg8 22. Kh1 Ne6 23. Bg2 Nd4 24. Qb2 1/2-1/2

[Event "Satty Zhuldyz Rapid"]
[Site "Astana KAZ"]
[Date "2023.04.22"]
[Round "11.1"]
[White "Arjun Erigaisi"]
[Black "Kateryna Lagno"]
[Result "1-0"]
[EventDate "2023.04.20"]
[WhiteElo "2701"]
[BlackElo "2560"]
[PlyCount "116"]

1. c4 e6 2. Nc3 d5 3. d4 Nf6 4. cxd5 exd5 5. Bg5 Be7 6. e3 O-O 7. Bd3 Re8 8. Nge2 c6 9. Qc2 g6 10. Ng3 a5 11. O-O Na6 12. Bxa6 Rxa6 13. Rae1 Ra8 14. f3 b5 15. Nce2 Bd7 16. Nf4 Rc8 17. Nd3 Be6 18. b3 Nd7 19. Bxe7 Qxe7 20. Rc1 h5 21. Rfe1 h4 22. Nh1 Bf5 23. Nhf2 h3 24. g4 Bxd3 25. Nxd3 Qf6 26. Qf2 Re7 27. Nf4 Qd6 28. Nxh3 c5 29. e4 dxe4 30. fxe4 Rce8 31. dxc5 Qc6 32. Ng5 f6 33. Nf3 Rxe4 34. h3 Rxe1+ 35. Nxe1 Ne5 36. Qg2 Qd7 37. Kf1 Qd4 38. Rc2 Nd3 39. Re2 Qf4+ 40. Qf3 Rxe2 41. Kxe2 Qxf3+ 42. Nxf3 Nxc5 43. Nd4 b4 44. Nc6 Ne4 45. Kd3 Nf2+ 46. Ke3 Nd1+ 47. Kd4 Nf2 48. Nxa5 Nxh3 49. Nc6 Nf2 50. Nxb4 Kf7 51. a4 Nxg4 52. a5 Ne5 53. a6 Nd7 54. a7 Nb6 55. Kc5 Na8 56. Kc6 g5 57. Kb7 g4 58. Nd3 1-0

[Event "Satty Zhuldyz Rapid"]
[Site "Astana KAZ"]
[Date "2023.04.21"]
[Round "5.4"]
[White "Arjun Erigaisi"]
[Black "Jakhongir Vakhidov"]
[Result "1-0"]
[EventDate "2023.04.20"]
[WhiteElo "2701"]
[BlackElo "2607"]
[PlyCount "48"]

1. d4 Nf6 2. Bf4 d5 3. e3 e6 4. Nf3 Bd6 5. Ne5 O-O 6. Bd3 c5 7. c3 Qc7 8. Nd2 Nc6 9. Ndf3 Ne7 10. h4 h6 11. g4 c4 12. Bc2 Ne4 13. g5 Nf5 14. gxh6 Nxh6 15. Bxh6 gxh6 16. Rg1+ Kh8 17. Bxe4 dxe4 18. Ng5 Bxe5 19. dxe5 f6 20. Qh5 Qg7 21. exf6 Rxf6 22. O-O-O Bd7 23. Nxe4 Be8 24. Rxg7 1-0

[Event "Satty Zhuldyz Rapid"]
[Site "Astana KAZ"]
[Date "2023.04.21"]
[Round "6.4"]
[White "Bibisara Assaubayeva"]
[Black "Arjun Erigaisi"]
[Result "0-1"]
[EventDate "2023.04.20"]
[WhiteElo "2440"]
[BlackElo "2701"]
[PlyCount "88"]

1. c4 e6 2. g3 d5 3. Bg2 Nf6 4. Nf3 Be7 5. O-O O-O 6. b3 d4 7. e3 c5 8. Ne5 Qc7 9. f4 Nbd7 10. Nd3 e5 11. Na3 a6 12. Nc2 Bd6 13. e4 b5 14. f5 Nb6 15. Na3 bxc4 16. bxc4 Qc6 17. Nf2 Rb8 18. g4 h6 19. h4 Nh7 20. Qf3 Be7 21. Qg3 Qf6 22. g5 hxg5 23. Ng4 Qd6 24. hxg5 Nxg5 25. Qxe5 f6 26. Qxd6 Bxd6 27. d3 Nf7 28. Nc2 Nd7 29. Ba3 Bb7 30. Kf2 Bc6 31. Ke2 Rb6 32. Rab1 Rfb8 33. Rxb6 Rxb6 34. Nf2 Ba4 35. Na1 Ng5 36. Nd1 Ne5 37. Nb2 Be8 38. Nb3 a5 39. Rb1 a4 40. Nxd4 cxd4 41. c5 Bh5+ 42. Kf1 Bxc5 43. Bxc5 Rb5 44. Bxd4 a3 0-1

[Event "Satty Zhuldyz Rapid"]
[Site "Astana KAZ"]
[Date "2023.04.21"]
[Round "7.3"]
[White "Arjun Erigaisi"]
[Black "Boris Gelfand"]
[Result "1-0"]
[EventDate "2023.04.20"]
[WhiteElo "2701"]
[BlackElo "2678"]
[PlyCount "98"]

1. d4 Nf6 2. Bf4 e6 3. e3 b6 4. h3 Bb7 5. Nf3 c5 6. Nbd2 cxd4 7. exd4 Be7 8. Bd3 O-O 9. O-O d6 10. Re1 Nbd7 11. c3 Re8 12. a4 a6 13. Bh2 Bf8 14. Qe2 e5 15. dxe5 Nxe5 16. Nxe5 dxe5 17. Nc4 Qd5 18. Qf1 e4 19. Bc2 Qe6 20. Rad1 Rad8 21. Ne3 Bc5 22. Qe2 a5 23. Rxd8 Rxd8 24. Rd1 Rd7 25. Rxd7 Qxd7 26. Qd1 Qxd1+ 27. Nxd1 Kf8 28. Kf1 Ke7 29. Ne3 g6 30. Ke1 Bd6 31. Bxd6+ Kxd6 32. b4 axb4 33. cxb4 Nd5 34. Nc4+ Kc7 35. Bxe4 Nxb4 36. Bxb7 Kxb7 37. Nd6+ Kc6 38. Nxf7 Nd3+ 39. Ke2 Nc5 40. Ng5 h6 41. Nf7 Kd5 42. Nxh6 Nxa4 43. Ng4 b5 44. Kd3 Nc5+ 45. Kc3 Ne6 46. h4 Nf4 47. g3 Nh3 48. Kd3 b4 49. f4 b3 1-0

[Event "Satty Zhuldyz Rapid"]
[Site "Astana KAZ"]
[Date "2023.04.21"]
[Round "8.5"]
[White "Vincent Keymer"]
[Black "Arjun Erigaisi"]
[Result "1/2-1/2"]
[EventDate "2023.04.20"]
[WhiteElo "2700"]
[BlackElo "2701"]
[PlyCount "86"]

1. c4 e6 2. Nf3 d5 3. e3 Nf6 4. b3 Bd6 5. Bb2 O-O 6. Nc3 c6 7. Be2 e5 8. cxd5 cxd5 9. Nb5 Re8 10. Nxd6 Qxd6 11. d4 e4 12. Ne5 Nfd7 13. O-O Nf8 14. Qd2 f6 15. f4 exf3 16. Nxf3 Bf5 17. Nh4 Be4 18. Nf5 Qe6 19. Bg4 Bxf5 20. Bxf5 Qxe3+ 21. Qxe3 Rxe3 22. Bc8 Re7 23. Ba3 Rc7 24. Rac1 Nc6 25. Bxb7 Rxb7 26. Rxc6 Re8 27. Rd6 Ng6 28. g3 Re2 29. Rf2 Re1+ 30. Kg2 Ne7 31. Rd8+ Kf7 32. Bxe7 Rbxe7 33. Rxd5 Rd1 34. Rc2 Kg6 35. Rd8 h5 36. d5 Re5 37. Ra8 Re7 38. Rd8 Re5 39. d6 Red5 40. Ra8 Ra5 41. Rd8 Ra6 42. d7 Rad6 43. Kf3 1/2-1/2

[Event "Satty Zhuldyz Rapid"]
[Site "Astana KAZ"]
[Date "2023.04.20"]
[Round "1.6"]
[White "Arjun Erigaisi"]
[Black "Haik M Martirosyan"]
[Result "1-0"]
[EventDate "2023.04.20"]
[WhiteElo "2701"]
[BlackElo "2675"]
[PlyCount "58"]

1. d4 Nf6 2. Bg5 d5 3. e3 e6 4. c4 Be7 5. Nc3 Nbd7 6. Qc2 O-O 7. Nf3 h6 8. h4 dxc4 9. Bxc4 c5 10. O-O-O cxd4 11. Rxd4 Qa5 12. Kb1 Qc5 13. Bd3 Nb6 14. Qd2 e5 15. Bxf6 Bxf6 16. Ne4 Qe7 17. Rd6 Be6 18. g4 Rfd8 19. Rxd8+ Rxd8 20. g5 Bc4 21. gxf6 Qc7 22. fxg7 Kxg7 23. Rg1+ Kh8 24. Ne1 Qc6 25. f3 f5 26. Nf2 Bxd3+ 27. Nfxd3 e4 28. fxe4 fxe4 29. Qg2 1-0

[Event "Satty Zhuldyz Rapid"]
[Site "Astana KAZ"]
[Date "2023.04.20"]
[Round "2.2"]
[White "Javokhir Sindarov"]
[Black "Arjun Erigaisi"]
[Result "0-1"]
[EventDate "2023.04.20"]
[WhiteElo "2661"]
[BlackElo "2701"]
[PlyCount "158"]

1. e4 c5 2. Nc3 Nc6 3. Nf3 g6 4. d4 cxd4 5. Nxd4 Bg7 6. Be3 d6 7. Qd2 Nf6 8. f3 O-O 9. g4 Be6 10. O-O-O Nxd4 11. Bxd4 Qa5 12. a3 Rab8 13. Kb1 Rfc8 14. h4 b5 15. Nd5 Qxd2 16. Rxd2 Bxd5 17. exd5 a5 18. Bh3 Rc7 19. Re1 Ne8 20. g5 Kf8 21. Re4 Bxd4 22. Rexd4 b4 23. axb4 axb4 24. b3 Ra7 25. Kb2 Nc7 26. Rc4 Na6 27. Rdd4 Kg7 28. f4 h6 29. Rc8 Rb6 30. f5 gxf5 31. Bxf5 h5 32. Bd3 Nc5 33. Be2 e5 34. Rc4 Kg6 35. Rh8 Kg7 36. Rc8 Kg6 37. Rc6 Rxc6 38. dxc6 Rc7 39. Bf3 Kf5 40. Rxb4 e4 41. Bxh5 e3 42. Kc3 Ke5 43. Rb8 Rxc6 44. Re8+ Kf4 45. Kd4 Ne6+ 46. Kd3 Nc5+ 47. Kd4 Ne6+ 48. Kd3 Nc5+ 49. Ke2 Ne6 50. c4 Ra6 51. Re7 Ra2+ 52. Kd3 Nc5+ 53. Kc3 f6 54. g6 Ne4+ 55. Kb4 f5 56. g7 Rg2 57. Bd1 Nf6 58. h5 Ng8 59. Ra7 Rg1 60. Be2 Rg2 61. Bd3 Rg5 62. Kc3 Kf3 63. b4 f4 64. b5 e2 65. Kd2 Re5 66. Ke1 Kg2 67. Rf7 f3 68. b6 Re3 69. Bxe2 Rxe2+ 70. Kd1 Rb2 71. h6 Nxh6 72. Rf6 f2 73. Rg6+ Ng4 74. Kc1 f1=Q+ 75. Kxb2 Qe2+ 76. Kc3 Qe3+ 77. Kb4 Qxb6+ 78. Kc3 Qe3+ 79. Kb4 Qe1+ 0-1

[Event "Satty Zhuldyz Rapid"]
[Site "Astana KAZ"]
[Date "2023.04.20"]
[Round "3.5"]
[White "Arjun Erigaisi"]
[Black "Yifan Hou"]
[Result "1-0"]
[EventDate "2023.04.20"]
[WhiteElo "2701"]
[BlackElo "2628"]
[PlyCount "120"]

1. d4 Nf6 2. Nc3 d5 3. Bf4 c5 4. e3 e6 5. Nb5 Na6 6. c3 Be7 7. a4 O-O 8. Nf3 Nh5 9. Be5 f6 10. Bg3 Bd7 11. Bd3 g6 12. Qe2 Qa5 13. O-O Nxg3 14. hxg3 c4 15. Bc2 Bxb5 16. axb5 Qxb5 17. e4 Rf7 18. b3 Nc7 19. bxc4 Qxc4 20. Bd3 Qc6 21. c4 a6 22. Rfc1 Qd7 23. g4 Re8 24. Rab1 b5 25. cxb5 axb5 26. e5 Rb8 27. exf6 Bxf6 28. g5 Bg7 29. Ne5 Bxe5 30. Qxe5 Rb6 31. g3 Qd6 32. Qe2 b4 33. Kg2 b3 34. Rh1 Qe7 35. Qe5 Rg7 36. Rhc1 b2 37. Rc5 Rf7 38. Rh1 Rg7 39. Ra5 Qd6 40. Qxd6 Rxd6 41. Rb1 Rb6 42. Ra2 Re7 43. f4 Kg7 44. Rbxb2 Rxb2+ 45. Rxb2 h6 46. gxh6+ Kxh6 47. Kf3 Kg7 48. Rb7 Rf7 49. Kg4 Kf6 50. Rb8 Rg7 51. Rh8 g5 52. Rh6+ Ke7 53. fxg5 Ne8 54. Kf4 Nd6 55. g6 Ne8 56. g4 Nf6 57. g5 Nd7 58. Rh8 Nb6 59. Rh7 Kf8 60. Ke5 Nc4+ 1-0